Normal view
MARC view
- Zelkowitz, M. V Pratt, T. W
Entry Personal Name
001 - CONTROL NUMBER
- control field: 59354
003 - CONTROL NUMBER IDENTIFIER
- control field: NUST
005 - DATE AND TIME OF LATEST TRANSACTION
- control field: 20210628202327.0
008 - FIXED-LENGTH DATA ELEMENTS
- fixed length control field: 210628|| aca||aabn | a|a d
040 ## - CATALOGING SOURCE
- Original cataloging agency: NUST
- Transcribing agency: NUST
100 ## - HEADING--PERSONAL NAME
- Personal name: Zelkowitz, M. V Pratt, T. W
670 ## - SOURCE DATA FOUND
- Source citation: Work cat.: (NUST): Zelkowitz, M. V Pratt, T. W, Programming languages design and implementation, 1996
